Random Knowledge Quiz #71 - Christmas Edition - Statistics

General Stats
  • This quiz has been taken 100 times
  • The average score is 12 of 15
Answer Stats
Question Answer % Correct
In the book by Dr. Seuss, who stole Christmas? The Grinch
96%
What do children typically get in their stockings if they’re on the Naughty List? A lump of coal
93%
In Christmas Carol, how many ghosts visit Scrooge? Four
93%
What are you supposed to do when you find yourself under the mistletoe? Kiss
93%
How is "Merry Christmas" said in Spanish? Feliz Navidad
90%
What is the name of the boy left home alone in Home Alone 1 and 2? Kevin McCallister
90%
And to what city in Europe did the family go in the first Home Alone? Paris
90%
What Christmas-themed ballet premiered in Saint Petersburg, Russia in 1892? The Nutcracker
88%
Finish these lyrics: Last Christmas, I gave you my heart / But the very next day, you... Gave it away
87%
“Christmas Truce” temporarily halted fighting during what war? World War I
85%
According to urban legend, what company is responsible for Santa's red and white coloring? Coca-Cola
77%
What TV show introduced the word Christmukkah? The O.C.
59%
In which US state can you find a town called North Pole? Alaska
56%
According to the song, what did my true love give to me on the fifth day of Christmas? Five golden rings
51%
In which modern-day country was St. Nicholas born? Turkey
39%
No matching quizzes found
Score Distribution
Percent of People with Each Score
Percentile by Number Answered
Your Score History
You have not taken this quiz